000 00975 a2200217 4500
001 3181
005 20260407155425.0
008 260407a2001 arg spa d
003 AR-UNSa-BCEJYS
040 _aAR-UNSa-BCEJYS
_bspa
_cAR-UNSa-BCEJYS
080 _a336.226.331
_xImpuestos sobre comestibles, bebidas y tabaco (Impuestos Internos)
245 1 0 _aImpuestos internos
020 _a950-527-562-5
264 1 _aBuenos Aires :
_bLa Ley
_c2001
300 _axxiii, 247 p.
_c25 cm.
505 _a1. Fundamentos e historia de la imposición selectiva al consumo - 2. Objetos gravados por el impuesto selectivo - 3. Exenciones - 4. Sujeto pasivo del impuesto - 5. Hecho imponible - 6. Base imponible - 7. Liquidación y pago del impuesto interno
942 _cBK
590 _aniveau_biblio:m niveau_hierar:0
100 1 _aGurfinkel de Wendy, Lilian N.
856 4 1 _uhttps://biblioeco.unsa.edu.ar/pmb/images/libros/Impuestos internos-l87409.jpg
_yImagen de portada
_qimage/jpeg
999 _c288
_d288